000 00291nam a22001337a 4500
008 170704b xxu||||| |||| 00| 0 eng d
020 _a9780495915836
041 _aeng
080 _24TH
_a05
100 _a22
101 _aGJL
245 _aTHE COLLEGE WRITER
_cVANDERMEY
942 _2udc
_cBK
999 _c19909
_d19909